00568nam a2200193 a 4500001001300000003000900013005001700022008004100039020002300080082001700103100002300120245007700143260004700220300000900267500003500276505001000311650003000321700002300351nice12345678IN_TiNIC20260116013803.0050524s1985 newa grp 000 0 eng  a0819170 c72000a899.283bIBN aIbn Adham, Ibrahim aHikayat Sultan Ibrahim Ibn Adhamb an Edition of an Anonymous Malay Text aNew YorkbUniversity Press of Americc1985 a332p aincludes index and biblioraphy2 aIndex aIbrahim Ibn Adham-Legends1 aIbn Adham, Ibrahim